00355nam a22001457a 450000500170000000800410001702000170005804100080007508200160008310000270009924500430012626000170016930000080018665000150019420180730145608.0160621b xxu||||| |||| 00| 0 eng d a31-204-00313 aeng b8701a658.3 aPareek,Udai and others aBehavioural Pracesses in organisations bOxfordc1996 a446 aManagement